Loading...
| Science - Biology | 0 | 5 | 0 | 2 | 50 | 102 | 114.60 | 0 | 0 | 0.00 | 0.00 |
| Social Science | 0 | 5 | 1 | 4 | 45 | 107 | 117.40 | 0 | 1 | 0.00 | 0.00 |
| Fine Arts - Classical Music | 0 | 3 | 1 | 1 | 25 | 125 | 125.67 | 0 | 0 | 0.00 | 0.00 |
| Philosophy | 0 | 3 | 1 | 0 | 25 | 118 | 125.33 | 0 | 0 | 0.00 | 0.00 |
| Religion | 0 | 3 | 1 | 0 | 25 | 61 | 110.67 | 0 | 2 | 0.00 | 0.00 |
| Science - Physics | 0 | 3 | 1 | 0 | 25 | 68 | 101.33 | 0 | 1 | 0.00 | 0.00 |
| Literature - British | 0 | 2 | 0 | 0 | 20 | 69 | 83.50 | 0 | 0 | 0.00 | 0.00 |
| Science - Other | 0 | 2 | 0 | 0 | 20 | 81 | 101.50 | 0 | 1 | 0.00 | 0.00 |
| Fine Arts - Other | 0 | 2 | 0 | 0 | 20 | 128 | 129.50 | 0 | 1 | 0.00 | 0.00 |
| Other Academic | 0 | 1 | 0 | 0 | 10 | 110 | 110.00 | 0 | 0 | 0.00 | 0.00 |
| History - World | 0 | 1 | 0 | 0 | 10 | 63 | 63.00 | 0 | 0 | 0.00 | 0.00 |
| Literature - European | 0 | 1 | 0 | 0 | 10 | 148 | 148.00 | 0 | 0 | 0.00 | 0.00 |
| Literature - World | 0 | 1 | 0 | 0 | 10 | 119 | 119.00 | 0 | 0 | 0.00 | 0.00 |
| Geography | 0 | 1 | 0 | 0 | 10 | 33 | 33.00 | 0 | 1 | 0.00 | 0.00 |
| History - European | 0 | 1 | 0 | 0 | 10 | 77 | 77.00 | 0 | 0 | 0.00 | 0.00 |
| Science - Chemistry | 0 | 1 | 1 | 0 | 5 | 114 | 114.00 | 0 | 0 | 0.00 | 0.00 |
| History - Other | 0 | 1 | 1 | 1 | 5 | 139 | 139.00 | 0 | 0 | 0.00 | 0.00 |
| Mythology | 0 | 2 | 3 | 1 | 5 | 124 | 135.00 | 0 | 0 | 0.00 | 0.00 |
| Fine Arts - Painting and Sculpture | 0 | 1 | 2 | 0 | 0 | 115 | 115.00 | 0 | 0 | 0.00 | 0.00 |
| Literature - American | 0 | 0 | 0 | 0 | 0 | 0.00 | 0 | 0 | 0.00 | 0.00 |